000 01026cam a2200313 i 4500
005 20260322212052.0
008 data
010 _a 78020716
020 _a0394842553
020 _a0394942558 (lib. bdg.)
020 _a9780394842554
020 _a9780394942551 (lib. bdg.)
040 _aDLC
_cDLC
_dDLC
042 _alcac
050 0 0 _aPN6371.5
_b.S44
082 0 0 _a428/.1
100 1 _aSeuss,
_cDr.
245 1 0 _aOh say can you say? /
_cSeuss.
260 _aNew York :
_bBeginner Books,
_cc1979.
300 _a[40] p. :
_bcol. ill. ;
_c24 cm.
520 _aA collection of nonsensical tongue twisters.
650 0 _aTongue twisters.
650 1 _aTongue twisters.
856 4 2 _3Contributor biographical information
_uhttp://www.loc.gov/catdir/bios/random056/78020716.html
856 4 2 _3Publisher description
_uhttp://www.loc.gov/catdir/description/random0413/78020716.html
906 _a7
_bcbc
_corignew
_d1
_eocip
_f19
_gy-gencatlg
991 _bc-GenColl
_hPN6371.5
_i.S44
_p00020363022
_tCopy 1
_wBOOKS
001 data
999 _c1244
_d1244